1685 1119 1707 1327 1394 1299 1359 1126 1074 1041 1706 1058 1257 1806 1556 1886 1335 1705 1880 1830 1372 1692 1340 1553 1237 1456 1412 1043 1904 1388 1483 1701 1279 1861 1437 1432 1818 1541 1943 1573 1688 1122 1544 1770 1015 1908 1431 1318 1014 1869 1868 1261 1425 1844 1897 1547 1445 1684 1836 1437 1610 1351 1954 1751 1848 1420 1920 1401 1484 1711 1661 1964 1928 1095 1100 1616 1878 1751 1636 1800 1120 1197 1902 1383 1844 1766 1351 1611 1378 1042 1240 1188 1625 1950 1440 1744 1971 1600 1540 BCNSPRNW ULIB Ver.6.0+V

เปลี่ยนเป็นภาษาไทย

Change to English
 แสดงรายละเอียดบรรณานุกรม
  กลับหน้าหลัก

Brief Record : Get Marc (ISO 2709) : E-mail record : QR code < ปิดหน้าต่าง
LEADER : 00000nam a2200000Ia 4500
001    13399115306
003     ULIB
008    110523s2551 th a d 000 0 tha d
020    ^a9789742127855
050  4 ^aPL4187.E5^bพ174
245 00 ^aพจนานุกรมอังกฤษ-ไทย & ไทย-อังกฤษ ฉบับทันสมัยและสมบูรณ์ที่สุด =^bSE-ED s modern English-Thai & Thai-English dictionary /^cโดย วิทย์ เที่ยงบูรณธรรม
246 31 ^aSE-ED s modern English-Thai & Thai-English dictionary
250    ^acompletely revised & updated edition
260    ^aกรุงเทพฯ :^bซีเอ็ดยูเคชั่น,^c2551
300    ^a550 หน้า :^bภาพประกอบ ;^c22 ซม.
650  4 ^aภาษาอังกฤษ^vพจนานุกรม^xภาษาไทย
945    ^p390^l0^i15224
945    ^p0^l0^i16527
995    ^aเกษร
999 ^a ใช้งานได้ทุกระบบ
รายการนี้ยังไม่มีแท็ก
คุณยังไม่ได้ล็อกอิน คุณสามารถมีกิจกรรมร่วมกับเว็บไซต์ได้ แต่ต้องล็อกอินก่อน ::
  ล็อกอิน

รายการสื่อสารสนเทศ

ลำดับที่ ประเภท เลขเรียก/บาร์โค้ด สถานที่ สถานะ
- ไม่พบข้อมูล -

BibComment


ยังไม่เคยถูกคอมเมนท์

คอมเมนท์ทรัพยากรรายการนี้
  คอมเมนท์: พจนานุกรมอังกฤษไ..


 Copyright 2026. Bcnsprnw @Library